000 00250nam a22001217a 4500
008 181029b xxu||||| |||| 00| 0 eng d
041 _aeng
080 _a941
100 _a17
101 _aHIS
245 _aSomalia
_cRicciuti, E.R
942 _2udc
_cBK
999 _c51003
_d51003